| 000 | 00892cam a2200253 a 4500 | ||
|---|---|---|---|
| 001 | 000018447 | ||
| 005 | 20200929165817.0 | ||
| 008 | 100510s1946 sp 000 p spa d | ||
| 040 |
_aDO-SdBNP _bspa _cBNPHU |
||
| 082 |
_a861.1 _bG643p |
||
| 100 | 1 |
_aGonzález, Fernán, _cconde de Castilla, _d910-970 _939924 |
|
| 245 | 1 | 0 |
_aPoema de Fernán González / _cFernán González ; edición, prólogo y notas de Alonso Zamora Vicente. |
| 260 |
_aMadrid : _bEspasa-Calpe, _c1946. |
||
| 300 |
_a234 p. ; _c18 cm. |
||
| 490 | 1 |
_aClásicos castellanos _v128 |
|
| 500 | _aIncluye glosario: p. 227-231 | ||
| 504 | _aIncluye referencias bibliográficas y notas al pie de las páginas. | ||
| 650 | 4 |
_aPoesía española _9631 |
|
| 650 | 4 |
_aLiteratura española _9632 |
|
| 700 | 1 |
_aZamora Vicente, Alonso; _ced. _939925 |
|
| 830 | 0 |
_aClásicos castellanos ; _v128 _94180 |
|
| 910 | _aWM | ||
| 049 | _aBNGR | ||
| 999 |
_c17967 _d17967 |
||